000 00444nam a2200181Ia 4500
005 20230705095334.0
008 131103s9999 xx 000 0 und d
040 _aLoreto College
041 _aEnglish
082 _aF
_bESQ
100 _aEsquivei,Laura
245 _aLike water for Chocolate
_cLaura Esquivei
260 _a[s.l.]
_b[s.n.]
_c[19 - ?]
300 _a222 p.
650 _aFiction in English
850 _aLCLIB
942 _cBK
999 _c15922
_d66401